000 00830nam0a22002531 4500
001 rc\3061171
005 20250806202615.0
035 _a(NLR Aleph) 007199864
090 _a53409
_c53409
100 _a20090830d1945 u y0rusy50 ca
101 0 _arus
102 _aRU
105 _ay z ||||y
200 1 _aКрасная Армия - армия-освободительница
_fП. Федосеев
210 _aМосква
_cВоен. изд-во
_d1945
_gтип. им. Тимошенко
215 _a55 с.
_d17 см
700 1 _aФедосеев
_bП.Н.
_f1908-1990
_gПетр Николаевич
801 0 _aRU
_bNLR
_gpsbo
801 1 _aRU
_bELAR
_2rusmarc
852 _aNLR
_jИр50 Г-2/924
942 _cBOOK
945 _aРоссийская национальная библиотека
980 _aNB
980 _aBV